000 00680nam a22002177a 4500
003 OSt
005 20250901071230.0
008 250901b |||||||| |||| 00| 0 eng d
020 _a13: 978-0-324-64509-5.
040 _aDWCL-Main lib
_cOC
082 _26th ed.
_aCirc.657.45 R614a 2008
100 _aRittenberg, Larry E.
245 _aAuditing :
_ba business risk approach
_cRittenberg, Larry E.
260 _aUSA :
_bThomson Higher Education,
_cc2008.
300 _axix, 793 p. : .
_bill. ;
_c28 cm. + 1 CD-ROM.
504 _aIncludes indexes.
650 _aAuditing.
700 _aSchwieger, Bradley J.
700 _aJohnstone, Karla
942 _2ddc
_cBK-CIRC
_e6th ed.
_kCirc.
_n0
999 _c4439
_d4439